STUDY ON LAND USE PLANNING IN SANGKAT SNOR, KHAN KAMBOL. PHNOM PENH. សិក្សាពីការរៀបចំផែនការប្រើប្រាស់ដីធ្លីនៅសង្កាត់ស្មោរ ខណ្ឌកំបូល រាជធានីភ្នំពេញ (Record no. 21605)
[ view plain ]
| 000 -LEADER | |
|---|---|
| fixed length control field | 00686nam a22001577a 4500 |
| 003 - CONTROL NUMBER IDENTIFIER | |
| control field | LRUA |
| 005 - DATE AND TIME OF LATEST TRANSACTION | |
| control field | 20230831170012.0 |
| 008 - FIXED-LENGTH DATA ELEMENTS--GENERAL INFORMATION | |
| fixed length control field | 230808b xxu||||| |||| 00| 0 eng d |
| 040 ## - CATALOGING SOURCE | |
| Transcribing agency | RUA |
| 082 ## - DEWEY DECIMAL CLASSIFICATION NUMBER | |
| Edition number | LMA SUN 2021 B498 Or. |
| 100 ## - MAIN ENTRY--PERSONAL NAME | |
| 9 (RLIN) | 15623 |
| Personal name | SUN SOKNA. សាន់ សុខណា |
| 245 ## - TITLE STATEMENT | |
| Title | STUDY ON LAND USE PLANNING IN SANGKAT SNOR, KHAN KAMBOL. PHNOM PENH. សិក្សាពីការរៀបចំផែនការប្រើប្រាស់ដីធ្លីនៅសង្កាត់ស្មោរ ខណ្ឌកំបូល រាជធានីភ្នំពេញ |
| 260 ## - PUBLICATION, DISTRIBUTION, ETC. (IMPRINT) | |
| Place of publication, distribution, etc. | Phnom Penh |
| Name of publisher, distributor, etc. | RUA |
| Date of publication, distribution, etc. | 2021 |
| 300 ## - PHYSICAL DESCRIPTION | |
| Extent | IX.36P |
| Other physical details | VII. |
| Dimensions | 29CM |
| 942 ## - ADDED ENTRY ELEMENTS (KOHA) | |
| Source of classification or shelving scheme | |
| Koha item type | LMA |
| Price effective from | Date last seen | Permanent Location | Not for loan | Date acquired | Source of classification or shelving scheme | Koha item type | Lost status | Withdrawn status | Date last checked out | Total Checkouts | Shelving location | Damaged status | Barcode | Current Location | Full call number |
|---|---|---|---|---|---|---|---|---|---|---|---|---|---|---|---|
| 2023-08-08 | 2023-08-08 | Library Block B | 2023-08-08 | LMA | B498 | a073647 | Library Block B | LMA SUN 2021 B498 Or. | |||||||
| 2023-08-08 | 2023-08-08 | Library Block B | 2023-08-08 | LMA | B498 | a073766 | Library Block B | LMA SUN 2021 B498 Or. | |||||||
| 2023-08-08 | 2023-08-08 | Library Block B | 2023-08-08 | LMA | B498 | a073762 | Library Block B | LMA SUN 2021 B498 Or. | |||||||
| 2023-08-08 | 2023-08-08 | Library Block B | 2023-08-08 | LMA | B498 | a073698 | Library Block B | LMA SUN 2021 B498 Or. | |||||||
| 2023-08-08 | 2024-05-10 | Library Block B | 2023-08-08 | LMA | 2024-03-15 | 1 | B498 | a073750 | Library Block B | LMA SUN 2021 B498 Or. | |||||
| 2023-08-08 | 2023-08-08 | Library Block B | 2023-08-08 | LMA | B498 | a073690 | Library Block B | LMA SUN 2021 B498 Or. |